[Event "Camp. Arg. 83 - Semifinal (La Plata)"]
[Site "Calle 46 - No. 581 (La Plata)"]
[Date "2008.??.??"]
[Round "7.26"]
[White "Muñiz, Roberto Anibal"]
[Black "Epelboin, Matias"]
[Result "1-0"]
[WhiteElo "1867"]
[BlackElo "2038"]
[PlyCount "67"]
[EventDate "2008.07.21"]

1. e4 d6 2. d4 Nf6 3. Nc3 g6 4. f4 Bg7 5. Nf3 O-O 6. Bd3 Na6 7. a3 c5 8. O-O
cxd4 9. Nb5 Qb6 10. Qe2 Nc5 11. a4 a6 12. Na3 Bg4 13. Kh1 Bxf3 14. Qxf3 Qc6 15.
Re1 Nxa4 16. Qe2 Nc5 17. Bd2 Nfd7 18. Nc4 b5 19. Na5 Qc7 20. b4 Na4 21. Qg4
Nab6 22. Qh4 e6 23. f5 Nc4 24. Bg5 Nce5 25. f6 Bh8 26. Rf1 Nxd3 27. cxd3 Qc3
28. Rac1 Qxd3 29. Nc6 h5 30. Rf3 Qe2 31. Re1 Qc4 32. Ne7+ Kh7 33. Rh3 d3 34.
Qxh5+ 1-0

[Event "Camp. Arg. 83 - Semifinal (La Plata)"]
[Site "Calle 46 - No. 581 (La Plata)"]
[Date "2008.??.??"]
[Round "7.29"]
[White "Lottgering, Enrique"]
[Black "Roque, Fernando"]
[Result "1-0"]
[WhiteElo "1760"]
[BlackElo "1964"]
[PlyCount "97"]
[EventDate "2008.07.21"]

1. e4 c5 2. Nc3 Nc6 3. Bc4 e6 4. a3 d6 5. Nge2 Nf6 6. Ng3 a6 7. d3 b5 8. Ba2
Bb7 9. O-O Be7 10. f4 Qc7 11. f5 e5 12. Nd5 Nxd5 13. Bxd5 Nd4 14. Bxb7 Qxb7 15.
c3 Nc6 16. Nh5 Bf6 17. g4 Qe7 18. Rf2 O-O-O 19. Rg2 h6 20. Qb3 Bg5 21. Qd5 Kd7
22. Bxg5 hxg5 23. Nxg7 Rh3 24. Rf1 Qf6 25. Nh5 Qe7 26. f6 Qe6 27. Qxe6+ fxe6
28. Rg3 Rxg3+ 29. Nxg3 Rf8 30. Kg2 a5 31. Nh5 Kd8 32. Kg3 Ke8 33. h4 gxh4+ 34.
Kxh4 Kf7 35. Kg5 Rg8+ 36. Ng7 Rh8 37. Nh5 Rg8+ 38. Kh4 Kg6 39. Ng7 Nd8 40. g5
Rh8+ 41. Kg4 Kf7 42. Rf2 Nc6 43. Rf3 b4 44. Rh3 Rg8 45. Rh6 bxa3 46. bxa3 a4
47. Nh5 Nd8 48. Rh7+ Kf8 49. Ra7 1-0

[Event "Camp. Arg. 83 - Semifinal (La Plata)"]
[Site "Calle 46 - No. 581 (La Plata)"]
[Date "2008.07.26"]
[Round "7.31"]
[White "Coronel, Nestor"]
[Black "Latrecchiana, Cristian"]
[Result "0-1"]
[WhiteElo "1839"]
[BlackElo "1773"]
[PlyCount "98"]
[EventDate "2008.07.21"]

1. e4 e5 2. Nf3 Nf6 3. Nxe5 d6 4. Nf3 Nxe4 5. d4 Be7 6. Bd3 Nf6 7. O-O O-O 8.
h3 h6 9. c4 d5 10. c5 c6 11. Re1 Re8 12. Nbd2 Nbd7 13. Nf1 Nf8 14. Ng3 N6h7 15.
Be3 Be6 16. Qd2 Ng5 17. Ne5 Bf6 18. f4 Ne4 19. Nxe4 dxe4 20. Bxe4 Bd5 21. Bc2
Qc7 22. Qf2 Re7 23. Ng4 Be4 24. Nxf6+ gxf6 25. Bxe4 Rxe4 26. Qh4 Kg7 27. Qg4+
Ng6 28. h4 Qc8 29. Qg3 Qf5 30. Re2 Rae8 31. Rae1 Qh5 32. Kf2 Qxh4 33. Qxh4 Nxh4
34. g4 Ng6 35. Kf3 Nh4+ 36. Kg3 Ng6 37. Kf3 Nh4+ 38. Kg3 Ng6 39. b4 Nxf4 40.
Kf3 Nxe2 41. Rxe2 Kg6 42. a4 f5 43. gxf5+ Kxf5 44. b5 h5 45. d5 cxd5 46. c6
bxc6 47. bxc6 d4 48. c7 Rxe3+ 49. Rxe3 Kg6 0-1

[Event "Camp. Arg. 83 - Semifinal (La Plata)"]
[Site "Calle 46 - No. 581 (La Plata)"]
[Date "2008.07.27"]
[Round "8.1"]
[White "Di Benedetto, Guillermo"]
[Black "Quiroga, Facundo"]
[Result "1/2-1/2"]
[WhiteElo "2300"]
[BlackElo "2339"]
[PlyCount "77"]
[EventDate "2008.07.21"]

1. d4 Nf6 2. c4 e6 3. Nf3 b6 4. g3 Bb7 5. Bg2 Bb4+ 6. Bd2 c5 7. Bxb4 cxb4 8.
O-O O-O 9. a3 Qe7 10. Qb3 bxa3 11. Rxa3 d5 12. Rc1 dxc4 13. Qxc4 Nbd7 14. Qa4
Rac8 15. Rxc8 Rxc8 16. Rc3 Rxc3 17. Nxc3 a6 18. Nd2 Bxg2 19. Kxg2 Nb8 20. Kg1
h6 21. Qc4 Qb7 22. Qd3 Nc6 23. Nde4 Nxe4 24. Qxe4 Qd7 25. d5 exd5 26. Nxd5 b5
27. Kg2 a5 28. h4 Nd8 29. Qd3 Qb7 30. e4 Ne6 31. Qc3 Qa6 32. Qe5 f6 33. Qb8+
Kf7 34. Nb6 b4 35. h5 Qd3 36. Qb7+ Kg8 37. Qc8+ Kf7 38. Qb7+ Kg8 39. Qc8+
1/2-1/2

[Event "Camp. Arg. 83 - Semifinal (La Plata)"]
[Site "Calle 46 - No. 581 (La Plata)"]
[Date "2008.07.27"]
[Round "8.2"]
[White "Needleman, Alejandro"]
[Black "Pierrot, Facundo"]
[Result "1/2-1/2"]
[WhiteElo "2352"]
[BlackElo "2421"]
[PlyCount "42"]
[EventDate "2008.07.21"]

1. Nf3 Nf6 2. c4 c5 3. d4 cxd4 4. Nxd4 Nc6 5. Nc3 e6 6. g3 Qb6 7. Nf3 Bc5 8. e3
d5 9. cxd5 Nxd5 10. Nxd5 exd5 11. Bg2 O-O 12. O-O Rd8 13. Qc2 d4 14. exd4 Nxd4
15. Nxd4 Bxd4 16. Bg5 Re8 17. Rad1 Be6 18. b3 h6 19. Bf4 Bc5 20. Qc3 Rad8 21.
Qf3 Bc8 1/2-1/2

[Event "Camp. Arg. 83 - Semifinal (La Plata)"]
[Site "Calle 46 - No. 581 (La Plata)"]
[Date "2008.07.27"]
[Round "8.3"]
[White "Alonso, Salvador"]
[Black "Meza, Hugo"]
[Result "1/2-1/2"]
[WhiteElo "2437"]
[BlackElo "2273"]
[PlyCount "36"]
[EventDate "2008.07.21"]

1. e4 c5 2. Nf3 Nc6 3. d4 cxd4 4. Nxd4 g6 5. Nc3 Bg7 6. Be3 Nf6 7. Bc4 O-O 8.
Bb3 a5 9. O-O a4 10. Nxa4 Nxe4 11. Nb5 d5 12. c3 e6 13. Qe2 Ra6 14. Rad1 Na5
15. f3 Nf6 16. Nc5 Ra8 17. Na4 Ra6 18. Nc5 Ra8 1/2-1/2

[Event "Camp. Arg. 83 - Semifinal (La Plata)"]
[Site "Calle 46 - No. 581 (La Plata)"]
[Date "2008.07.27"]
[Round "8.4"]
[White "Spata, German"]
[Black "Calderon Fernandez, Gervasio Andres"]
[Result "1-0"]
[WhiteElo "2250"]
[BlackElo "2303"]
[PlyCount "116"]
[EventDate "2008.07.21"]

1. Nf3 d5 2. d4 Nf6 3. c4 c6 4. e3 Bg4 5. h3 Bxf3 6. Qxf3 e6 7. Qd1 Nbd7 8. Nc3
Bd6 9. a3 O-O 10. cxd5 exd5 11. Bd3 Qe7 12. O-O Ne4 13. Bxe4 dxe4 14. b4 Nf6
15. Qb3 b5 16. Bd2 Rad8 17. Rfb1 Bb8 18. a4 a6 19. axb5 axb5 20. Ra6 Rd6 21.
Rc1 h5 22. Ne2 Qb7 23. Qa2 h4 24. Qa5 Nd5 25. Nc3 Nxc3 26. Rxc3 Rg6 27. Qb6 Qd7
28. Rxc6 Qxh3 29. Rxg6 Qh2+ 30. Kf1 fxg6 31. Qe6+ Kh8 32. Qh3 g5 33. Qxh2 Bxh2
34. Rg6 Rf5 35. Re6 g4 36. Rxe4 Bg3 37. Be1 h3 38. Kg1 Bxf2+ 39. Bxf2 Rxf2 40.
gxh3 Rb2 41. hxg4 Rxb4 42. Kf2 Kg8 43. Re7 Rb1 44. Ke2 Kf8 45. Re5 b4 46. Kd3
b3 47. g5 Kf7 48. Kc3 Kg6 49. d5 Kf7 50. e4 Kg6 51. d6 Kf7 52. d7 Rd1 53. Rd5
Rxd5 54. exd5 Ke7 55. Kxb3 Kxd7 56. Kc4 Kc7 57. Kd4 Kd7 58. Ke5 Ke7 1-0

[Event "Camp. Arg. 83 - Semifinal (La Plata)"]
[Site "Calle 46 - No. 581 (La Plata)"]
[Date "2008.07.27"]
[Round "8.5"]
[White "Tristan, Leonardo"]
[Black "Barrionuevo, Pablo"]
[Result "1-0"]
[WhiteElo "2366"]
[BlackElo "2363"]
[PlyCount "131"]
[EventDate "2008.07.21"]

1. e4 c5 2. Nf3 Nc6 3. d4 cxd4 4. Nxd4 g6 5. Nc3 Bg7 6. Be3 Nf6 7. Bc4 O-O 8.
Bb3 a5 9. a4 Ng4 10. Qxg4 Nxd4 11. Qh4 Nxb3 12. cxb3 Ra6 13. O-O Re6 14. Rad1
Bf6 15. Bg5 Bxg5 16. Qxg5 f5 17. Qh4 d6 18. b4 f4 19. f3 axb4 20. Nd5 Re5 21.
Qe1 Bd7 22. Qxb4 Bc6 23. Qc4 Kg7 24. Qd4 Qe8 25. b3 Qf7 26. Nb4 Qxb3 27. Nd3
Qxa4 28. Nxe5 Qxd4+ 29. Rxd4 dxe5 30. Rdd1 Kf6 31. Ra1 h5 32. Rfc1 Rd8 33. h4
Rg8 34. Rc5 e6 35. Rca5 Rd8 36. Ra8 Rd2 37. Rf8+ Ke7 38. Rg8 Kf7 39. Rh8 Kg7
40. Raa8 Rd1+ 41. Kh2 Bb5 42. Rag8+ Kf7 43. Rb8 Kg7 44. Rhd8 Rxd8 45. Rxd8 Ba6
46. Kg1 Kf6 47. Rd7 b5 48. Ra7 Bc8 49. Rc7 Ba6 50. Rc6 Bb7 51. Rb6 Bc8 52. Rxb5
Ba6 53. Ra5 Bc4 54. Kf2 Bb3 55. Rc5 Ba4 56. Ke1 Bb3 57. Kd2 Ba4 58. Kc3 Bd1 59.
Kd3 Ba4 60. Ra5 Bd7 61. Kc4 Be8 62. Ra7 Bc6 63. Kc5 Be8 64. Ra8 Bd7 65. Ra5 Ke7
66. Ra7 1-0

[Event "Camp. Arg. 83 - Semifinal (La Plata)"]
[Site "Calle 46 - No. 581 (La Plata)"]
[Date "2008.07.27"]
[Round "8.7"]
[White "Tobares, Leandro"]
[Black "Claverie, Raul Ricardo"]
[Result "0-1"]
[WhiteElo "2210"]
[BlackElo "2378"]
[PlyCount "152"]
[EventDate "2008.07.21"]

1. d4 g6 2. c4 f5 3. g3 Bg7 4. Bg2 d6 5. Nc3 Nf6 6. Nh3 O-O 7. O-O Nc6 8. d5
Na5 9. b3 Ne4 10. Nxe4 Bxa1 11. Neg5 Bf6 12. Qd2 b6 13. Nxh7 Rf7 14. Nxf6+ exf6
15. Nf4 Rg7 16. Bb2 Qe7 17. h4 Bd7 18. h5 g5 19. h6 Rh7 20. Nh5 Rf8 21. Ng7 {
(=)} 21... Rxh6 22. Ne6 Re8 23. Qd3 Nb7 24. Qxf5 Nc5 25. f4 Nxe6 26. dxe6 Bxe6
27. Qd3 Qh7 28. Be4 f5 29. Bc6 Rf8 30. fxg5 Rg6 31. Bd5 Bxd5 32. Qxd5+ Qf7 33.
Qd4 Qe6 34. e4 Qe5 35. Qxe5 dxe5 36. exf5 Rxg5 37. Bxe5 c6 38. Bf4 Rgxf5 39.
Rd1 Re8 40. Rd2 Kf7 41. Kg2 Rh5 42. Kf3 Rh1 43. a4 Rf1+ 44. Kg4 Rf8 45. Kh5 Ke6
46. Re2+ Kf5 47. Re5+ Kf6 48. Re3 Rh8+ 49. Kg4 Rg8+ 50. Kh3 Rb1 51. Kg2 Kf5 52.
Kf3 Rf1+ 53. Ke2 Rb1 54. Kf3 Rd8 55. Re5+ Kf6 56. Re3 Rdd1 57. Bb8 a6 58. Ba7
Re1 59. Rd3 Rbd1 60. Rc3 Rc1 61. Rd3 Rf1+ 62. Kg4 Rcd1 63. Re3 b5 64. axb5 cxb5
65. cxb5 axb5 66. b4 Rde1 67. Rxe1 Rxe1 68. Bc5 Re4+ 69. Kf3 Kf5 70. Bd6 Rc4
71. Ke3 Ke6 72. Bc5 Kd5 73. Bf8 Rc3+ 74. Kf4 Rc1 75. Kg5 Rc8 76. Be7 Ke6 0-1

[Event "Camp. Arg. 83 - Semifinal (La Plata)"]
[Site "Calle 46 - No. 581 (La Plata)"]
[Date "2008.07.27"]
[Round "8.8"]
[White "Perelman, Hernan"]
[Black "Sampaoli, Cristian"]
[Result "1-0"]
[WhiteElo "2360"]
[BlackElo "2201"]
[PlyCount "59"]
[EventDate "2008.07.21"]

1. d4 c5 2. d5 e5 3. c4 d6 4. e4 Be7 5. Nf3 Bg4 6. Nbd2 Nf6 7. Bd3 O-O 8. h3
Bxf3 9. Nxf3 h6 10. Be3 Nbd7 11. g4 b5 12. cxb5 c4 13. Bc2 Qa5+ 14. Nd2 Qxb5
15. h4 Qxb2 16. g5 Nh5 17. Rb1 Qxa2 18. Rb7 Rfd8 19. O-O g6 20. Ba4 c3 21. Bxd7
cxd2 22. Bg4 Nf4 23. Rxe7 h5 24. Bf3 Rac8 25. Rxa7 Qb2 26. Qxd2 Rc2 27. Qa5
Rdc8 28. Qa6 Qb8 29. Qb7 Rf8 30. Qb6 {La partida continua hasta la jugada 65
donde el blanco impone su ventaja. Planilla ilegible} 1-0

[Event "Camp. Arg. 83 - Semifinal (La Plata)"]
[Site "Calle 46 - No. 581 (La Plata)"]
[Date "2008.07.27"]
[Round "8.9"]
[White "Virgillito, Cristian"]
[Black "Fulgenzi, Ernesto"]
[Result "0-1"]
[WhiteElo "2140"]
[BlackElo "2358"]
[PlyCount "115"]
[EventDate "2008.07.21"]

1. e4 g6 2. d4 Bg7 3. Nc3 c6 4. Nf3 d5 5. h3 dxe4 6. Nxe4 Nd7 7. Bc4 Ngf6 8.
Nxf6+ Nxf6 9. O-O O-O 10. Re1 Nd5 11. Bg5 Be6 12. Qd2 Nc7 13. Bf1 Re8 14. c4 f6
15. Bf4 Bf7 16. Rad1 Qd7 17. g4 b6 18. Qc1 Rad8 19. Bg2 Qc8 20. b3 Ne6 21. Bg3
Nf8 22. Qa3 Rd7 23. Nh2 Ne6 24. Nf3 Bf8 25. Qc1 Red8 26. Qe3 Bg7 27. h4 b5 28.
g5 bxc4 29. bxc4 Nf8 30. Bh3 Bxc4 31. Bxd7 Rxd7 32. gxf6 exf6 33. Rb1 Rf7 34.
Kh2 Bxa2 35. Rb8 Qg4 36. Qf4 Qh5 37. Kh3 Bd5 38. Nh2 g5 39. Qg4 Qg6 40. h5 Qc2
41. Nf1 h6 42. Ne3 Qc3 43. Rd1 f5 44. Qe2 g4+ 45. Kh2 f4 46. Bxf4 Rxf4 47. Nxg4
Qf3 48. Nxh6+ Kh7 49. Qxf3 Bxf3 50. Rd3 Bxh6 51. Rb7+ Kh8 52. Rxa7 Rf5 53. Kg3
Be2 54. Rb3 Bf4+ 55. Kg2 Rg5+ 56. Kh3 Rxh5+ 57. Kg2 Rg5+ 58. Kh3 0-1

[Event "Camp. Arg. 83 - Semifinal (La Plata)"]
[Site "Calle 46 - No. 581 (La Plata)"]
[Date "2008.??.??"]
[Round "8.10"]
[White "Catelli, Hernan"]
[Black "Duarte, Leonardo"]
[Result "1/2-1/2"]
[WhiteElo "2176"]
[BlackElo "2341"]
[PlyCount "96"]
[EventDate "2008.07.21"]

1. g3 g6 2. Bg2 Bg7 3. d3 c5 4. e4 Nc6 5. f4 e6 6. Nf3 Nge7 7. O-O Rb8 8. a4 d6
9. Nc3 a6 10. g4 f5 11. h3 O-O 12. Ne2 Nd4 13. c3 Nxf3+ 14. Bxf3 b5 15. axb5
axb5 16. d4 cxd4 17. Nxd4 e5 18. Qb3+ Kh8 19. Ne6 Bxe6 20. Qxe6 fxe4 21. Bxe4
d5 22. Ra7 dxe4 23. Qxe7 Qxe7 24. Rxe7 b4 25. cxb4 exf4 26. Bxf4 Rxb4 27. Rxg7
Rxf4 28. Rxh7+ Kxh7 29. Rxf4 Rxb2 30. Rxe4 g5 31. Re5 Kg6 32. Rf5 Ra2 33. Rf2
Ra3 34. Kg2 Rb3 35. Rf3 Rb2+ 36. Kg3 Rb6 37. Rd3 Ra6 38. Kf3 Rb6 39. Ke4 Ra6
40. Ke5 Ra5+ 41. Rd5 Ra3 42. Rd6+ Kg7 43. Kf5 Rxh3 44. Rd7+ Kh6 45. Rd6+ Kg7
46. Kxg5 Ra3 47. Rd7+ Kg8 48. Kh6 Ra6+ 1/2-1/2

[Event "Camp. Arg. 83 - Semifinal (La Plata)"]
[Site "Calle 46 - No. 581 (La Plata)"]
[Date "2008.??.??"]
[Round "8.11"]
[White "Lohidoy, Bernardo"]
[Black "Hobaica, Juan Pablo"]
[Result "1-0"]
[WhiteElo "2091"]
[BlackElo "2417"]
[PlyCount "49"]
[EventDate "2008.07.21"]

1. e4 c5 2. Nf3 e6 3. d3 Nc6 4. g3 g6 5. Bg2 Bg7 6. O-O Nge7 7. Nbd2 d6 8. Re1
Rb8 9. h4 h6 10. Nf1 b5 11. Ne3 b4 12. h5 g5 13. Ng4 f5 14. exf5 exf5 15. Nxg5
O-O 16. Nxh6+ Bxh6 17. Ne6 Bxe6 18. Rxe6 Bxc1 19. Qxc1 f4 20. Qd1 f3 21. Qd2
fxg2 22. Qg5+ Kf7 23. Rae1 Ne5 24. R1xe5 dxe5 25. Rxe7+ 1-0

[Event "Camp. Arg. 83 - Semifinal (La Plata)"]
[Site "Calle 46 - No. 581 (La Plata)"]
[Date "2008.??.??"]
[Round "8.12"]
[White "Giampa, Alejandro"]
[Black "Gallego, Gonzalo"]
[Result "0-1"]
[WhiteElo "2237"]
[BlackElo "2070"]
[PlyCount "82"]
[EventDate "2008.07.21"]

1. c4 e5 2. Nc3 Nc6 3. g3 g6 4. Bg2 Bg7 5. e3 d6 6. Nge2 f5 7. d3 Nf6 8. Rb1 a5
9. a3 O-O 10. b4 axb4 11. axb4 Kh8 12. Nd5 Ne7 13. Qc2 c6 14. Nxe7 Qxe7 15. b5
Bd7 16. bxc6 Bxc6 17. O-O d5 18. Bd2 Rfc8 19. Rfc1 h6 20. Qb3 Ra3 21. Qc2 Qd7
22. Bb4 Raa8 23. Qb3 dxc4 24. Rxc4 Bb5 25. Rxc8+ Rxc8 26. Nc1 Ba4 27. Qa3 e4
28. d4 Bc2 29. Ra1 Nd5 30. Bf1 f4 31. Bd2 fxe3 32. fxe3 Qf5 33. Ne2 Rf8 34. Nf4
Nxf4 35. gxf4 g5 36. Qc3 Bd1 37. Bg2 Bf3 38. Bf1 Qg4+ 39. Kf2 Qh4+ 40. Kg1 gxf4
41. exf4 Rg8 0-1

[Event "Camp. Arg. 83 - Semifinal (La Plata)"]
[Site "Calle 46 - No. 581 (La Plata)"]
[Date "2008.??.??"]
[Round "8.13"]
[White "Torres, Sergio"]
[Black "Scarzello, Alejandro"]
[Result "0-1"]
[WhiteElo "2202"]
[BlackElo "2050"]
[PlyCount "75"]
[EventDate "2008.07.21"]

1. e4 c5 2. Nf3 Nc6 3. d4 cxd4 4. c3 d3 5. Bxd3 d6 6. Bf4 Nf6 7. Nbd2 e6 8. Qe2
Be7 9. h3 a6 10. O-O O-O 11. Rfd1 e5 12. Bg3 b5 13. a4 b4 14. Rac1 bxc3 15.
Rxc3 Nb4 16. Bc4 Bb7 17. Nh4 d5 18. exd5 Nfxd5 19. Bxd5 Nxd5 20. Rb3 Bxh4 21.
Rxb7 Bxg3 22. fxg3 Qc8 23. Rb3 Qc5+ 24. Kh2 Nf6 25. Re3 Rfe8 26. Rf1 Qd4 27. b3
Rad8 28. Nf3 Qb6 29. Nxe5 Nd5 30. Rd3 Qc7 31. Qf3 Rxe5 32. Rfd1 Qd7 33. b4 f6
34. Qf4 Qxa4 35. Qg4 Qd7 36. Qc4 Qb5 37. Qg4 Kf7 38. Qf3 0-1

[Event "Camp. Arg. 83 - Semifinal (La Plata)"]
[Site "Calle 46 - No. 581 (La Plata)"]
[Date "2008.??.??"]
[Round "8.14"]
[White "Pastor, Juan Martin"]
[Black "Lanza, Luciano"]
[Result "1-0"]
[WhiteElo "1964"]
[BlackElo "2188"]
[PlyCount "77"]
[EventDate "2008.07.21"]

1. e4 c5 2. Nf3 Nc6 3. d4 cxd4 4. Nxd4 Nf6 5. Nc3 e5 6. Ndb5 d6 7. Bg5 a6 8.
Na3 b5 9. Bxf6 gxf6 10. Nd5 f5 11. Bd3 Be6 12. c3 Bg7 13. Nxb5 axb5 14. Bxb5
Bd7 15. exf5 Rb8 16. Qg4 Rg8 17. a4 Kf8 18. Qh5 Ne7 19. Bc4 Nxd5 20. Bxd5 Qf6
21. a5 Rxb2 22. a6 Be6 23. Bxe6 fxe6 24. a7 Ke7 25. a8=Q Rxa8 26. Rxa8 Qxf5 27.
Ra7+ Kf8 28. Qxf5+ exf5 29. O-O e4 30. Rc7 f4 31. Ra1 Rb8 32. Kf1 h6 33. g3 f3
34. Ke1 Bf6 35. Kd2 Bg5+ 36. Kc2 Kg8 37. h4 Bd8 38. Rc6 Bb6 39. Rb1 1-0

[Event "Camp. Arg. 83 - Semifinal (La Plata)"]
[Site "Calle 46 - No. 581 (La Plata)"]
[Date "2008.??.??"]
[Round "8.15"]
[White "Restuccia, Francisco"]
[Black "Sandrone, Mauricio"]
[Result "1-0"]
[WhiteElo "2148"]
[BlackElo "2062"]
[PlyCount "59"]
[EventDate "2008.07.21"]

1. e4 d5 2. exd5 Qxd5 3. Nc3 Qa5 4. d4 Nf6 5. Bd2 Bg4 6. f3 Bf5 7. Bc4 Qb6 8.
Nge2 Nbd7 9. a4 a6 10. a5 Qa7 11. Bf4 e6 12. g4 Bg6 13. Qd2 Bd6 14. h4 h6 15.
Bxd6 cxd6 16. Nf4 Nf8 17. Rh2 O-O-O 18. Na4 e5 19. Nb6+ Kc7 20. Nfd5+ Nxd5 21.
Bxd5 Nd7 22. Qc3+ Kb8 23. Qb4 Kc7 24. Ra3 exd4 25. Qxd4 Rhe8+ 26. Kd1 Kb8 27.
Bxf7 Ne5 28. Bxe8 Bxe8 29. f4 Nf3 30. Rxf3 1-0

[Event "Camp. Arg. 83 - Semifinal (La Plata)"]
[Site "Calle 46 - No. 581 (La Plata)"]
[Date "2008.07.27"]
[Round "8.16"]
[White "Pereyra, Horacio"]
[Black "Tenti, Joaquin"]
[Result "1/2-1/2"]
[WhiteElo "2001"]
[BlackElo "2145"]
[PlyCount "113"]
[EventDate "2008.07.21"]

1. e4 c5 2. Nf3 Nc6 3. c3 e6 4. d4 d5 5. e5 Qb6 6. Be2 Nh6 7. Bxh6 gxh6 8. Qd2
Bg7 9. O-O O-O 10. Na3 cxd4 11. cxd4 f6 12. exf6 Rxf6 13. Nc2 Bd7 14. b4 Ne7
15. a4 Ng6 16. g3 Raf8 17. Kg2 Qd8 18. Ne5 Be8 19. Ng4 Rf5 20. f4 h5 21. Nge3
R5f6 22. Ne1 h4 23. Nf3 h5 24. Rh1 Bh6 25. Raf1 Qe7 26. Ne5 Qg7 27. Nxg6 Bxg6
28. Kf2 h3 29. Rc1 Be4 30. Rhf1 h4 31. Ng4 Rxf4+ 32. gxf4 Rxf4+ 33. Qxf4 Bxf4
34. Rc8+ Kh7 35. Ke1 Qg5 36. Rf8 Bf5 37. Nf6+ Kg7 38. Rg8+ Kxf6 39. Rxg5 Kxg5
40. Rg1+ Kf6 41. Bg4 Bxh2 42. Rf1 Bg3+ 43. Ke2 Kg5 44. Bxf5 exf5 45. Kf3 h2 46.
b5 b6 47. Rh1 Bd6 48. Rd1 h3 49. Re1 Kh4 50. Rd1 Bb4 51. Rh1 Bd6 52. Rd1 Kg5
53. Rh1 Kf6 54. Rd1 Kg5 55. Rh1 Kh4 56. Rd1 Bg3 57. Rh1 1/2-1/2

[Event "Camp. Arg. 83 - Semifinal (La Plata)"]
[Site "Calle 46 - No. 581 (La Plata)"]
[Date "2008.??.??"]
[Round "8.17"]
[White "Palmiotto, Marcos Ivan"]
[Black "Palmero, Pablo"]
[Result "0-1"]
[WhiteElo "1925"]
[BlackElo "2144"]
[PlyCount "48"]
[EventDate "2008.07.21"]

1. e4 c5 2. Nf3 d6 3. d4 cxd4 4. Nxd4 Nf6 5. Nc3 a6 6. f3 e5 7. Nb3 Be6 8. Be3
Be7 9. Qd2 O-O 10. O-O-O Qc7 11. g4 Rc8 12. Kb1 d5 13. exd5 Nxd5 14. Nxd5 Bxd5
15. Qxd5 Rd8 16. Qe4 Rxd1+ 17. Nc1 Nd7 18. g5 Bc5 19. h4 Qc6 20. Qxc6 bxc6 21.
Bxc5 Nxc5 22. h5 Rad8 23. g6 R8d2 24. gxf7+ Kf8 0-1

[Event "Camp. Arg. 83 - Semifinal (La Plata)"]
[Site "Calle 46 - No. 581 (La Plata)"]
[Date "2008.??.??"]
[Round "8.18"]
[White "Rojo Lynch, Enrique"]
[Black "Negri, Santiago"]
[Result "0-1"]
[WhiteElo "1898"]
[BlackElo "2133"]
[PlyCount "66"]
[EventDate "2008.07.21"]

1. e4 c5 2. Nf3 d6 3. d4 cxd4 4. Nxd4 Nf6 5. Nc3 a6 6. Bc4 e6 7. Bb3 Nc6 8. Be3
Qc7 9. Qe2 Bd7 10. O-O-O b5 11. f3 Na5 12. g4 b4 13. Na4 Nxb3+ 14. axb3 Bxa4
15. bxa4 b3 16. Nxb3 Qc6 17. Kb1 Be7 18. g5 Nd7 19. Rd4 O-O 20. f4 Rfc8 21. Rg1
Bd8 22. a5 Rab8 23. f5 Rb5 24. g6 fxg6 25. fxg6 Bf6 26. Rg2 e5 27. gxh7+ Kh8
28. Bh6 Rxb3 29. Bxg7+ Bxg7 30. Qg4 Rxb2+ 31. Kxb2 Qb7+ 32. Ka2 Nf6 33. Rb4
Qf7+ 0-1

[Event "Camp. Arg. 83 - Semifinal (La Plata)"]
[Site "Calle 46 - No. 581 (La Plata)"]
[Date "2008.??.??"]
[Round "8.21"]
[White "Mavrich, Leandro"]
[Black "Cirulli, Diego"]
[Result "1/2-1/2"]
[WhiteElo "2192"]
[BlackElo "1984"]
[PlyCount "54"]
[EventDate "2008.07.21"]

1. e4 c5 2. Nf3 g6 3. d4 cxd4 4. Nxd4 Nc6 5. Nc3 Bg7 6. Nde2 Nf6 7. g3 b5 8.
Bg2 Rb8 9. O-O O-O 10. Bf4 d6 11. Nd5 Nh5 12. Bc1 Be6 13. Nef4 Nxf4 14. Nxf4
Bc4 15. Re1 b4 16. Nd5 Re8 17. Ne3 Be6 18. f4 Nd4 19. a3 a5 20. axb4 axb4 21.
Bd2 b3 22. c3 Nc2 23. Nxc2 bxc2 24. Qxc2 Qb6+ 25. Be3 Qxb2 26. Qxb2 Rxb2 27.
Bd4 Ba2 1/2-1/2

[Event "Camp. Arg. 83 - Semifinal (La Plata)"]
[Site "Calle 46 - No. 581 (La Plata)"]
[Date "2008.??.??"]
[Round "8.22"]
[White "Torres, Maximiliano"]
[Black "Lo Presti, Roberto Oscar"]
[Result "1-0"]
[WhiteElo "1950"]
[BlackElo "2122"]
[PlyCount "35"]
[EventDate "2008.07.21"]

1. e4 e5 2. Nf3 Nc6 3. d4 exd4 4. Bc4 Bc5 5. c3 Qe7 6. O-O Ne5 7. Nxe5 Qxe5 8.
Qb3 Qe7 9. cxd4 Bxd4 10. Nc3 c6 11. Rd1 Qf6 12. Bxf7+ Kf8 13. Bxg8 Rxg8 14. Be3
Bxe3 15. fxe3 Qe6 16. Qxe6 dxe6 17. Rd8+ Kf7 18. Rf1+ 1-0

[Event "Camp. Arg. 83 - Semifinal (La Plata)"]
[Site "Calle 46 - No. 581 (La Plata)"]
[Date "2008.??.??"]
[Round "8.23"]
[White "Pacheco, Juan Jose"]
[Black "Muñiz, Roberto Anibal"]
[Result "1-0"]
[WhiteElo "2091"]
[BlackElo "1867"]
[PlyCount "61"]
[EventDate "2008.07.21"]

1. e4 c5 2. Nf3 d6 3. d4 cxd4 4. Nxd4 Nf6 5. Nc3 a6 6. Be3 e6 7. g4 Nc6 8. g5
Nd7 9. Qd2 Qc7 10. O-O-O Be7 11. f4 O-O 12. f5 Nxd4 13. Bxd4 Ne5 14. Bxe5 dxe5
15. f6 Bb4 16. fxg7 Re8 17. h4 b5 18. h5 Bb7 19. Bd3 Rad8 20. g6 fxg6 21. hxg6
hxg6 22. Rh8+ Kf7 23. Rf1+ Ke7 24. g8=Q Rxg8 25. Rh7+ Kd6 26. Bxb5+ Kc5 27.
Qe3+ Rd4 28. Rxc7+ Kb6 29. Rff7 Ba8 30. Bd3 Bc6 31. Ne2 1-0

[Event "Camp. Arg. 83 - Semifinal (La Plata)"]
[Site "Calle 46 - No. 581 (La Plata)"]
[Date "2008.??.??"]
[Round "8.24"]
[White "Sanchez, Cristian"]
[Black "Araoz, Claudio Alberto"]
[Result "1-0"]
[WhiteElo "2065"]
[BlackElo "1903"]
[PlyCount "45"]
[EventDate "2008.07.21"]

1. e4 d6 2. Nc3 Nf6 3. f4 g6 4. Nf3 Bg7 5. g3 O-O 6. Bg2 c6 7. O-O Qb6+ 8. Kh1
Ng4 9. Qe2 Nd7 10. h3 Ngf6 11. d3 Nh5 12. Kh2 e5 13. f5 gxf5 14. Nh4 Nxg3 15.
Kxg3 fxe4 16. Nf5 Nf6 17. Nxg7 Kxg7 18. Bg5 Rg8 19. Bxf6+ Kf8+ 20. Kh2 exd3 21.
Qxd3 d5 22. Nxd5 cxd5 23. Qa3+ 1-0

[Event "Camp. Arg. 83 - Semifinal (La Plata)"]
[Site "Calle 46 - No. 581 (La Plata)"]
[Date "2008.??.??"]
[Round "8.27"]
[White "Latrecchiana, Cristian"]
[Black "Barbarito, Damian"]
[Result "1/2-1/2"]
[WhiteElo "1773"]
[BlackElo "1751"]
[PlyCount "77"]
[EventDate "2008.07.21"]

1. e4 e6 2. d4 d5 3. exd5 exd5 4. Nf3 Bg4 5. Be2 Nc6 6. c3 Bd6 7. O-O Nf6 8. h3
Bh5 9. Re1 O-O 10. Bg5 Be7 11. Ne5 Bxe2 12. Qxe2 Re8 13. Nxc6 bxc6 14. Bxf6
Bxf6 15. Qxe8+ Qxe8 16. Rxe8+ Rxe8 17. Kf1 Rb8 18. b4 Bg5 19. a3 Kf8 20. Ra2 a5
21. Nd2 axb4 22. axb4 Ke7 23. Nb3 Kd8 24. Nc5 Be7 25. Nd3 Bd6 26. f4 f6 27. Kf2
Kd7 28. g4 h5 29. Kg3 g5 30. gxh5 Rh8 31. Kg4 gxf4 32. Nxf4 f5+ 33. Kf3 Bxf4
34. Kxf4 Rxh5 35. Rh2 Ke6 36. h4 Kf6 37. Rh3 Ke6 38. Re3+ Kf6 39. Rh3 1/2-1/2

[Event "Camp. Arg. 83 - Semifinal (La Plata)"]
[Site "Calle 46 - No. 581 (La Plata)"]
[Date "2008.??.??"]
[Round "8.32"]
[White "Roque, Fernando"]
[Black "Moscato, Nestor Eduardo"]
[Result "1-0"]
[WhiteElo "1964"]
[BlackElo "1901"]
[PlyCount "97"]
[EventDate "2008.07.21"]

1. d4 Nf6 2. Bg5 d5 3. Bxf6 exf6 4. e3 Bd6 5. Bd3 b6 6. Nd2 c5 7. c3 cxd4 8.
cxd4 O-O 9. Qh5 g6 10. Qxd5 Ba6 11. Be4 f5 12. Bf3 Qc7 13. Qxa8 Bb4 14. Qd5 Rc8
15. Ne2 Bxe2 16. Bxe2 Bxd2+ 17. Kxd2 Qc2+ 18. Ke1 Qxb2 19. Rd1 Rc2 20. Bf3 Qc3+
21. Kf1 Rb2 22. Qd8+ Kg7 23. Qxb8 Qc2 24. Qe5+ Kg8 25. Qg3 Rb1 26. Re1 Qd3+ 27.
Be2 Rxe1+ 28. Kxe1 Qc3+ 29. Kd1 Qa1+ 30. Kd2 Qb2+ 31. Kd3 Qb5+ 32. Kc3 Qa5+ 33.
Kc4 Qxa2+ 34. Kb5 Qxe2+ 35. Kc6 Qc4+ 36. Kb7 Qd5+ 37. Kxa7 Qa2+ 38. Kxb6 Qe6+
39. Kc5 Qb3 40. Qc7 Qc2+ 41. Kd6 Qxf2 42. Qe7 Qxg2 43. Qe8+ Kg7 44. Rb1 Qa2 45.
Rb8 Kh6 46. Qe5 Qa6+ 47. Ke7 Qa7+ 48. Kf8 Qa3+ 49. Qe7 1-0